Naman Narmada Obeisance to Narmada/ (Record no. 210682)

MARC details
000 -LEADER
fixed length control field 00575nam a22002057a 4500
005 - DATE AND TIME OF LATEST TRANSACTION
control field 20250402160556.0
010 ## - LCCN (DPL NO)
LC control number ENG-144407
020 ## - INTERNATIONAL STANDARD BOOK NUMBER
International Standard Book Number 9788182904576
Terms of availability 1495.00
035 ## - SYSTEM CONTROL NUMBER
System control number EN-127939
037 ## - SOURCE OF ACQUISITION
Source of stock number/acquisition DBAD
082 ## - DEWEY DECIMAL CLASSIFICATION NUMBER
Classification number 915.43
100 ## - MAIN ENTRY--PERSONAL NAME
Personal name Mehta ,Alok
245 ## - TITLE STATEMENT
Title Naman Narmada Obeisance to Narmada/
Statement of responsibility, etc Alok Mehta
Medium English
250 ## - EDITION STATEMENT
Edition statement 1st
260 ## - PUBLICATION, DISTRIBUTION, ETC. (IMPRINT)
Place of publication, distribution, etc Gurgaon
Name of publisher, distributor, etc Shubhi Publications
Date of publication, distribution, etc 2017
270 ## - ADDRESS
Address 479, Sector-14,Gurugaon
City Haryana
Postal code 122001
300 ## - PHYSICAL DESCRIPTION
Extent 98.p
Dimensions 30cm. (Hb)
700 ## - ADDED ENTRY--PERSONAL NAME
9 (RLIN) 80043
942 ## - ADDED ENTRY ELEMENTS (KOHA)
Source of classification or shelving scheme Dewey Decimal Classification
Item type English Books
Classification part 915.43
Call number suffix MEH
Edition 1
Holdings
Withdrawn status Lost status Not for loan Collection code Home library Current library Date acquired Cost, normal purchase price Full call number Barcode Copy number Cost, replacement price Koha item type
      Non-fiction Ashok Vihar Ashok Vihar 02/04/2025 1495.00 915.43 MEH EN-127939 1 1495.00 English Books

© Delhi Public Library
Hit Counter
free hit counter